| 000 | 00350nam a22001457a 4500 | ||
|---|---|---|---|
| 020 | _qHB. | ||
| 040 | _cFIZZA ISHAQ | ||
| 082 |
_a625.8 _bYOD |
||
| 100 |
_aWITCZAK, YODER. _986699 |
||
| 245 |
_aPRINCIPLES OF PAVEMENT DESIGN / _cYODER WITCZAK. |
||
| 250 | _a2nd ED. | ||
| 260 |
_aNEW YORK : _bWILEY, _c1975. |
||
| 300 | _a711 P. ; | ||
| 942 |
_2ddc _cBK |
||
| 999 |
_c587407 _d587407 |
||